Central Library OPAC University of Rajshahi

A history of education in India : (Record no. 50235)

MARC details
000 -LEADER
fixed length control field 00830nam a2200253 a 4500
001 - CONTROL NUMBER
control field 50235
003 - CONTROL NUMBER IDENTIFIER
rucl marc code BD-RjUL
005 - DATE AND TIME OF LATEST TRANSACTION
control field 20211209075458.0
008 - FIXED-LENGTH DATA ELEMENTS--GENERAL INFORMATION
fixed length control field 160824m19511943ii a b 001 0 eng
035 ## - SYSTEM CONTROL NUMBER
System control number (BD-RjUL)50355
040 ## - CATALOGING SOURCE
Original cataloging agency DLC
Transcribing agency DLC
Language of cataloging eng
Modifying agency BD-RjUL
041 ## - LANGUAGE CODE
Language code of text/sound track or separate title eng
082 ## - DEWEY DECIMAL CLASSIFICATION NUMBER
Edition number 23
Classification number 371.2
Author mark and year NUH 1951
100 1# - MAIN ENTRY--PERSONAL NAME
Personal name Nurullah, Syed
9 (RLIN) 150576
245 12 - TITLE STATEMENT
Title A history of education in India :
Remainder of title during the British period /
Statement of responsibility, etc. Syed Nurullah and J.P. Naik ; with a foreword by Zakir Husain
250 ## - EDITION STATEMENT
Edition statement 2nd ed.(rev. and enl.)
260 ## - PUBLICATION, DISTRIBUTION, ETC. (IMPRINT)
Place of publication, distribution, etc. Bombay :
Name of publisher, distributor, etc. Macmillan & Co.,
Date of publication, distribution, etc. 1951
300 ## - PHYSICAL DESCRIPTION
Pagination xxiii, 953 p. :
Illustrations ill ;
Size 22 cm.
504 ## - BIBLIOGRAPHY, ETC. NOTE
Bibliography, etc Includes bibliographical references and index.
650 #0 - SUBJECT ADDED ENTRY--TOPICAL TERM
Topical term or geographic name as entry element Education
Geographic subdivision India
General subdivision History.
9 (RLIN) 119570
700 1# - ADDED ENTRY--PERSONAL NAME
Personal name Naik, J. P.
Personal name Husain, Zakir
942 ## - ADDED ENTRY ELEMENTS (KOHA)
Source of classification or shelving scheme Dewey Decimal Classification
Koha item type Books
Holdings
Lost status Source of classification or shelving scheme Damaged status Not for loan Collection code Permanent Location Current Location Shelving location Date acquired Source of acquisition Cost, normal purchase price Total Checkouts Full call number Date last seen Copy number Koha item type
  Dewey Decimal Classification     Non-fiction Central Library, University of Rajshahi Central Library, University of Rajshahi   11/11/1955 W.B.C 10.26   371.2 NUH 1951 24/08/2016 C-2 Books
  Dewey Decimal Classification     Non-fiction Central Library, University of Rajshahi Central Library, University of Rajshahi   23/09/1957 Kamala Book, Calcutta 14.00   370.954 NUH 1951 28/08/2016 C-3 Books